| 000 | 00371nam a22001457a 4500 | ||
|---|---|---|---|
| 020 | _qPB. | ||
| 040 | _cFIZZA ISHAQ | ||
| 082 |
_a005.8 _bSIM |
||
| 100 |
_aSPAFFERD, GENE GARFIN SIMSON. _986947 |
||
| 245 |
_aWEB SECURITY PRIVACY COMMERCE / _cSIMSON GARFIN GENE SPAFFERD. |
||
| 250 | _a2nd ED. | ||
| 260 |
_aNEW YORK : _c2002. |
||
| 300 | _a756 P. ; | ||
| 942 |
_2ddc _cBK |
||
| 999 |
_c587440 _d587440 |
||